000 00654nam a2200193Ia 4500
005 20250423101722.0
008 250422s9999 xx 000 0 und d
020 _a9780323289610
050 _aRT 55 .H37/
100 _aHarding, Mariann
245 0 _aWinningham's critical thinking cases in nursing : medical-surgical, pediatric, maternity, and psychiatric
250 _a6th ed.
260 _aSt. Louis, Missouri
260 _bElsevier,
260 _c2016
300 _a722 p
650 _aNursing Process--Case Reports. Nursing Process--Problems and Exercises. Nursing Care--Case Reports. Nursing Care--Problems and Exercises.
942 _cBK
999 _c37074
_d37074